閉上眼睛一下下

資料類型: Book 圖書   書目號:53447

Leader xxxxxxxxxx
001 __ 102610/3/01
005 __ 20191030163628.758
010 0_ |a9789862139240|b精裝|d新臺幣350元
042 __ |anbic
100 __ |a20191030d2018    m  y0chiy50      b
101 0_ |achi
102 __ |atw
105 __ |aa   z   000cy
200 1_ |a閉上眼睛一下下|f幾米作
205 __ |a初版
210 __ |a臺北市|c大塊文化出版|a新北市新莊區|c大和書報圖書總經銷|d2018[民107]
215 0_ |a88面|c彩圖|d27公分
225 12 |a幾米作品|v59
300 __ |a小巧樂遊版
700 _0 |a幾米|4681 __ |a855|b856
801 _0 |atw|bLibDipper|c20191030|gCCR
詳細館藏(共 1 筆)
索 書 號登 錄 號冊次號館別 / 館藏地流通類型狀態加入預約清單電子資源
855 / 856 1026103  圖書館 / 二樓繪本專區 可外借30天 在館   

| 條列資料




目錄查詢 分類查詢 個人資料 圖書薦購 新書查詢 閉館日 排行榜 更多電子資源 Hami書城 線上資料庫 登出

From : 216.73.217.87

  本日流通累計至 01:34:21 借閱 : 0 次 續借 : 0 次 歸還 : 0 次 預約 : 0 次 電子資源 : 0 次


內湖高中圖書館  PCLIS 版本  26.5.0.12